000
00308nam a2200121Ia 4500
008
190216s9999||||xx |||||||||||||| ||und||
100
_a
Balakrishna Muzthar
245
0
_a
Hindi- Dr. Ram Manohar Lohya Vyakthi Aur Vichar
260
_b
Sakshi Prakashan
_c
2001
300
_a
103
650
_a
Hindi
942
_c
BK
999
_c
16108
_d
16108